Statistiques concernant Football Club Gueugnon

Cliquez ici pour prendre le quiz!

Statistiques générales

  • Ce quiz a été pris 9 fois
  • Le résultat moyen est 5 sur 7

Statistiques - réponses

QuestionRéponse% Correct
Plus gros trophée remportéCoupe de la Ligue
100%
Date de création du Club1940
75%
Championnat ActuelNational 3
75%
Année du titre de Champion de Ligue 21979
63%
Surnom des joueursForgerons
50%
Adversaire éliminé sur le score de 3-4 lors de la Coupe de France 1999-2000Olympique de Marseille
50%
Nom du stadeStade Jean Laville
38%

Distribution des résultats

Percentile par nombre de réponses

% des personnes avec chaque résultat

Votre développement - résultats

Vous n’avez pas pris ce quiz